000 00617cam a22002171 4500
001 med47000756
003 DLC
005 20260227111600.0
008 810815s1944 xx a 000 0 dut
010 _amed47000756
035 _a(OCoLC)14741408
040 _aDLC
_cDNLM
_dDLC
042 _apremarc
050 0 0 _aRC87
_b.K8
060 0 _aWA 292
_bK97v 1944
100 1 _aKuster, B. G.
245 1 0 _aVademecum voor den E. H. B. O.-er
_c... onder toezicht van dr. P. W. L. Penris ...
260 _a's-Gravenhage [etc.]
_bvan Goor,
_c1944.
300 _a203, [1] p.
_bill.
700 1 _aPenris, Peter Willem Leonard.
999 _c38172
_d38172